00449 a2200145 4500010001400000020002200014035001300036037001500049082000800064100001600072245004200088260004900130270010100179300002300280 aENG-90162 a818150075Xc95.00 aEN-73695 bDBAD / PUB14a8811 aBagai, S.N.1 aStreet lights of life/cby S.N. Bagai aNew DelhibAravali Books Internationalc2007 aW-30, Okhla Industrial Area, Phase II,bNew Delhie110 020k26388830-32mAravali@nde.vsnl.net.in a98p.c20 cm (pbk)